000 00477nam a2200157 i 4500
001 80589
003 ES-MaACL
005 20230906174241.0
007 t|
008 041028s1966 sp ||||1| spa d
100 1 _aHoffer, Pablo José.
_963939
245 1 0 _aValor pastoral de los colegios católicos
_b: (según el C. Vaticano II) /
_cPablo José Hoffer.
260 _aMadrid :
_bS.M.,
_c[1966]
300 _a139 p., 6 lám. ;
_c19 cm.
852 _aES-MaACL
_jC-31336
_bR.61881
999 _c80589
_d80589